000 00555nam a2200181Ia 4500
008 100917s9999 xx 000 0 und d
082 _b59437
100 _a---
245 _aएकनाथ दर्शन खंड 1ला
260 _bएकनाथ सं. मंदीर
_c---
300 _a393
365 _b7
520 _aअध्यात्म
630 _aएकनाथ दर्शन खंड 1ला
650 _aअध्यात्म
730 _aएकनाथ दर्शन खंड 1ला
942 _cBOOK
999 _c664831
_d664828